Online Catalogue and eLibrary

Women, saints and sanctuaries (Record no. 4400)

MARC details
000 -LEADER
fixed length control field 00400nam a2200169Ia 4500
005 - DATE AND TIME OF LATEST TRANSACTION
control field 20240717024115.0
008 - FIXED-LENGTH DATA ELEMENTS--GENERAL INFORMATION
fixed length control field 240331s9999 xx 000 0 und d
082 ## - DDC Classification
Item Number - Author Mark MER
Class No. 200
100 ## - MAIN ENTRY--PERSONAL NAME
Personal name Mernissi, F
245 #0 - TITLE STATEMENT
Title Women, saints and sanctuaries
260 ## - PUBLICATION, DISTRIBUTION, ETC.
Place of publication, distribution, etc. Pakistan
Name of publisher, distributor, etc. simorgh Publication
Date of publication, distribution, etc. 1987
300 ## - PHYSICAL DESCRIPTION
Extent (e.g. Volumes, Pages etc.) 18 , p .,
650 ## - SUBJECT ADDED ENTRY--TOPICAL TERM
Topical term or geographic name entry element Women
650 ## - SUBJECT ADDED ENTRY--TOPICAL TERM
Topical term or geographic name entry element Culture
650 ## - SUBJECT ADDED ENTRY--TOPICAL TERM
Topical term or geographic name entry element Society
942 ## - Koha item type (Biblio)
Koha item type Books in Stacks (Lending)
Holdings
Lost status Damaged status Collection code Home library Current library Shelving location Date acquired Full call number Accession Number Item type
    Lending WERC Library WERC Library Social Science Cupboard 03/31/2024 200 MER 4968 Books in Stacks (Lending)

© WERC Library